Heat transfer (metric version) / (Record no. 31492)
[ view plain ]
| 000 -LEADER | |
|---|---|
| fixed length control field | 00743cam a22002775a 4500 |
| 001 - CONTROL NUMBER | |
| control field | 12273410 |
| 003 - CONTROL NUMBER IDENTIFIER | |
| control field | 0070083002 |
| 005 - DATE AND TIME OF LATEST TRANSACTION | |
| control field | 20211029110634.0 |
| 008 - FIXED-LENGTH DATA ELEMENTS--GENERAL INFORMATION | |
| fixed length control field | 010108s2001 mau 000 0 eng |
| 010 ## - LIBRARY OF CONGRESS CONTROL NUMBER | |
| LC control number | 2001086139 |
| 020 ## - INTERNATIONAL STANDARD BOOK NUMBER | |
| International Standard Book Number | 0070083002 (alk. paper) |
| 038 ## - RECORD CONTENT LICENSOR | |
| Staff Name | khadija |
| 040 ## - CATALOGING SOURCE | |
| Original cataloging agency | DLC |
| Transcribing agency | DLC |
| 042 ## - AUTHENTICATION CODE | |
| Authentication code | pcc |
| 082 ## - DEWEY DECIMAL CLASSIFICATION NUMBER | |
| Classification number | 621.4022 |
| Author Mark | HOL |
| 100 1# - MAIN ENTRY--PERSONAL NAME | |
| Personal name | Holman, J. P. |
| 9 (RLIN) | 45237 |
| 245 10 - TITLE STATEMENT | |
| Title | Heat transfer (metric version) / |
| Statement of responsibility, etc. | J. P. Holman. |
| 250 ## - EDITION STATEMENT | |
| Edition statement | Eigth SI Metric Ed |
| 260 ## - PUBLICATION, DISTRIBUTION, ETC. | |
| Place of publication, distribution, etc. | Boston, MA : |
| Name of publisher, distributor, etc. | McGraw-Hill, |
| Date of publication, distribution, etc. | 2001. |
| 263 ## - PROJECTED PUBLICATION DATE | |
| Projected publication date | 0101 |
| 300 ## - PHYSICAL DESCRIPTION | |
| Extent | p. ; |
| Dimensions | cm. |
| 563 ## - BINDING INFORMATION | |
| Binding note | PB |
| 906 ## - LOCAL DATA ELEMENT F, LDF (RLIN) | |
| a | 0 |
| b | ibc |
| c | orignew |
| d | 2 |
| e | epcn |
| f | 20 |
| g | y-gencatlg |
| 942 ## - ADDED ENTRY ELEMENTS (KOHA) | |
| Source of classification or shelving scheme | |
| Koha item type | Book |
| Classification part | 621.4022 |
| Withdrawn status | Lost status | Source of classification or shelving scheme | Damaged status | Not for loan | Permanent Location | Current Location | Shelving location | Date acquired | Total Checkouts | Full call number | Barcode | Date last seen | Date last checked out | Price effective from | Koha item type |
|---|---|---|---|---|---|---|---|---|---|---|---|---|---|---|---|
| School of Mechanical & Manufacturing Engineering (SMME) | School of Mechanical & Manufacturing Engineering (SMME) | General Stacks | 07/08/2015 | 1 | 621.4022 HOL | SMME-01 | 10/21/2025 | 10/21/2025 | 07/08/2015 | Book |
